000 00791nam a2200241Ia 4500
003 GCL
008 140319s9999 xx 000 0 ara d
020 _a0359202977
040 _aGCL /
_cGCL
082 0 4 _a822.008
_bش ت
100 1 _aشكسبير، ويليام
245 1 0 _aتاجر البندقية /
_cشكسبير، ويليام
700 1 _aنايف خرما
700 1 _aمختار الوكيل
250 _aالحادية عشر
260 _aالقاهرة :
_bدار المعارف ،
_c1992
300 _a147 ص ؛
_c19سم
490 _aمسرحيات شكسبير
_v0
650 0 4 _aالادب الانجليزى المترجم
650 0 4 _aالمسرحيات الانجليزية المترجمة
650 0 4 _aشكسبير، ويليام
942 _2ddc
_cBK
999 _c36751
_d36751